000 01545nam a22004217a 4500
001 000095753
003 CHAP
005 20220329143123.0
008 060523d2006 mx a r 00110 spa d
010 _a92219
011 _a93191
035 _a103763
040 _cCHAP
090 _aTesis
100 1 _aSantos Aduna, Belem.
_9102448
245 1 0 _aEfecto de contenedores y niveles de fertilización (N,P,K) en la calidad de plántula de pepino (Cucumis sativus L.) /
_c/por Belem Santos Aduna.
260 _aChapingo, Méx. :
_bEl autor,
_c2006.
300 _a57 h. :
_bilus.; cuadros.
502 _aTesis (Ing. Agr. Esp. en Fitotecnia) - - UACH. Departamento de Fitotecnia
590 _aALEPH
_b10
_c20130110
_lUCH01
_h1511
590 _aBATCH-UPD
_b10
_c20130110
_lUCH01
_h1408
590 _aBATCH-UPD
_b10
_c20130410
_lUCH01
_h0856
590 _aBATCH-UPD
_b10
_c20130914
_lUCH01
_h1427
590 _aBATCH-UPD
_b10
_c20140324
_lUCH01
_h1457
590 _aBATCH-UPD
_b10
_c20141002
_lUCH01
_h0830
590 _aCONVERSION
_b10
_c20130109
_lUCH01
_h1351
590 _aE11695DGD
_b10
_c20130605
_lUCH01
_h0955
650 1 4 _aFertilizantes
_xEfecto en pepino.
_940539
650 1 4 _aPepino
_xCalidad.
_986897
650 1 4 _aPepino
_xPlántulas.
_986923
856 _3Finding aid
_uhttp://10.13.5.2/tesis/103765.pdf
_zTeclea aquí
901 _aBK
905 _aElisama A. H.
942 _cFOLL
942 _n0
949 _aTesis
_bBC
_cTES
_d00000000103763
_eTS1
_h45130
_i103763
_sb
949 _aTesis
_bBC
_cTES
_d33724000870960
_eTS2
_fc.2
_h45131
_i103763
_si
999 _c92219
_d92219